000 00315nam a2200133 i 4500
001 bg
100 1 _aŚLEDZIEWSKI, Roman
245 0 _aElektronika dla fizyków /
_cRoman Śledziewski.
260 _aWarszawa,
_c1984.
040 _cBPK
041 _apol
942 _cKS
008 s pl f |000 0 pol
999 _c22851
_d22851
856 _uhttp://koha.tu.koszalin.pl/cgi-bin/koha/opac-detail.pl?biblionumber=22851
_yKatalog online BPK